01347nam a22003374a 4500001001200000003000800012006001900020007001500039008004100054010001700095020002800112040002100140035002000161050002400181082001200205245010600217260005300323300001600376490006400392504005100456533015200507650003100659650002900690655002900719700002500748700002300773710001700796830005300813856012600866999001700992ebr10022342CaPaEBRm u cr cn|||||||||020412s2002 pau sb 001 0 eng  z 2002066551 z1588112357 (alk. paper) aCaPaEBRcCaPaEBR a(OCoLC)7075276714aHV2474b.D57 2002eb04a41922100aDirections in sign language acquisitionh[electronic resource] /cedited by Gary Morgan, Bencie Woll. aPhiladelphia :bJohn Benjamins Pub. Co.,cc2002. axix, 339 p.1 aTrends in language acquisition research,x1569-0644 ;vv. 2 aIncludes bibliographical references and index. aElectronic reproduction.bPalo Alto, Calif. :cebrary,d2013.nAvailable via World Wide Web.nAccess may be limited to ebrary affiliated libraries. 0aSign language acquisition. 0aSign languagexResearch. 7aElectronic books.2local1 aMorgan, Gary,d1968-1 aWoll, B.q(Bencie)2 aebrary, Inc. 0aTrends in language acquisition research ;vv. 2.40uhttp://site.ebrary.com/lib/rucke/Doc?id=10022342zAn electronic book accessible through the World Wide Web; click to view c10414d10414